000 00369 a2200157 4500
003 Nust
005 20221228141403.0
040 _cNust
082 _a297.8, ROO
100 _a Root, Martha L.
_9106243
245 _aTáhirih the pure/
_biran's Greatest Woman:
_cby Martha L. Root.
260 _c1938
300 _a101:p
650 _aBiography
_9461
942 _2ddc
_cBK
999 _c185657
_d185657